000 00459nam a22001697a 4500
005 20251108171020.0
008 250721s1972 xx 000 0 ara d
082 1 4 _a371/محم
100 1 _aسحنون، محمد
245 1 0 _aكتاب ىداب المعلمين /
264 1 _aتونس :
_bدار الكتب الشرقية،
_c1972.
300 _a192ص
650 1 7 _aالتدريس
650 1 7 _aالمعلمون
942 _2ddc
_cBK
999 _c54453
_d54453